| 000 | 01137aab a2200217 4500 | ||
|---|---|---|---|
| 001 | 768714001 | ||
| 003 | CO-MdFUSB | ||
| 005 | 20240530121602.0 | ||
| 008 | 170508s1992 cr ||||| |||| 00| 0 spa d | ||
| 022 | _a1409-1968 | ||
| 040 |
_aCO-MdFUSB _bspa _cCO-MdFUSB _dCO-MdFUSB |
||
| 041 | _aspa | ||
| 100 | 1 |
_aLibert, Samuel O. _eautor |
|
| 245 | 1 | 0 |
_a¡Anímese a involucrarlos! : _bel papel estratégico del ministerio laico _c/ Samuel O. Libert |
| 300 |
_aVolumen 10. Número 2 (1992), páginas 12-15 _c: 27 cm. |
||
| 520 | _a"El laico debe saber que él es apto por el Espíritu Santo. Esa firme convicción produce confianza y deseos de trabajar." Recuérdese que una iglesia con mucho líderes laicos, sin preparaciones sufre más que aquella que sólo posee unos pocos bien capacitados. La clave consiste en que el grupo consultivo no toma decisiones. Intercambia inquietudes, adquiriendo de ese modo una perspectiva más amplia de la vida de la iglesia" | ||
| 653 | _aEclesiología | ||
| 773 | 0 |
_tApuntes Pastorales _049442 _960182 _g Volumen 10. Número 2 (1992), páginas 12-15 _qPágina 12 |
|
| 942 | _cANA | ||
| 945 | _aJTF-925 | ||
| 999 |
_c49748 _d49748 |
||